000
00315nam a2200133Ia 4500
008
210707s2008 xx 000 0 und d
041
_a
eng
082
_a
CD193
100
_a
EFY
245
_a
Electronics for you April 2008
260
_c
2008
650
_a
Electronics
906
_a
2008 April Electronics for you
999
_c
177227
_d
177227